(Record no. 187831)
[ view plain ]
| 000 -CABECERA | |
|---|---|
| campo de control de longitud fija | 00974nam a2200217Ia 4500 |
| 001 - NÚMERO DE CONTROL | |
| campo de control | IA_Finally, through a financial projection, the analysis of the Internal Rate of Return (IRR), Net Present Value (NPV), Benefit-Cost Ratio and the sensitivity analysis determined that the project is viable. |
| 008 - DATOS DE LONGITUD FIJA--INFORMACIÓN GENERAL | |
| campo de control de longitud fija | 220117s xx 000 0 und d |
| 010 ## - NÚMERO DE CONTROL DE LA BIBLIOTECA DEL CONGRESO | |
| Número de control de LC | 187831 |
| 530 ## - NOTA DE FORMATO FÍSICO ADICIONAL DISPONIBLE | |
| Nota de formato físico adicional disponible | Disponible en PDF |
| 583 ## - NOTA DE ACCIÓN | |
| Acción | 1 ej. impreso ; 1 ej. CD |
| 650 ## - PUNTO DE ACCESO ADICIONAL DE MATERIA--TÉRMINO DE MATERIA | |
| Término de materia o nombre geográfico como elemento de entrada | Bananas |
| Subdivisión general | Entrepreneurship |
| 9 (RLIN) | 163439 |
| 650 ## - PUNTO DE ACCESO ADICIONAL DE MATERIA--TÉRMINO DE MATERIA | |
| Término de materia o nombre geográfico como elemento de entrada | Bananas |
| Subdivisión general | Industry and trade |
| -- | Mexico |
| 9 (RLIN) | 152314 |
| 650 ## - PUNTO DE ACCESO ADICIONAL DE MATERIA--TÉRMINO DE MATERIA | |
| Término de materia o nombre geográfico como elemento de entrada | Bananos |
| Subdivisión general | Industria y comercio |
| -- | México |
| 9 (RLIN) | 152315 |
| 650 ## - PUNTO DE ACCESO ADICIONAL DE MATERIA--TÉRMINO DE MATERIA | |
| Término de materia o nombre geográfico como elemento de entrada | Bananos |
| Subdivisión general | Iniciativa empresarial |
| 9 (RLIN) | 163440 |
| 700 ## - PUNTO DE ACCESO ADICIONAL--NOMBRE DE PERSONA | |
| Nombre de persona | Ascencio Rivera, Rogelio, asesor |
| 9 (RLIN) | 163690 |
| 700 ## - PUNTO DE ACCESO ADICIONAL--NOMBRE DE PERSONA | |
| Nombre de persona | Martínez Mosqueda, Francisco, asesor |
| 9 (RLIN) | 163662 |
| 700 ## - PUNTO DE ACCESO ADICIONAL--NOMBRE DE PERSONA | |
| Nombre de persona | Szymanski Duque, Rosa Guadalupe, dir. |
| 9 (RLIN) | 156969 |
| 942 ## - ELEMENTOS DE PUNTO DE ACCESO ADICIONAL (KOHA) | |
| Tipo de ítem Koha | |
No items available.
